Microelectronic circuits (Record no. 66335)

000 -LEADER
fixed length control field 00447nam a22001817a 4500
003 - CONTROL NUMBER IDENTIFIER
control field NUST - PNEC
005 - DATE AND TIME OF LATEST TRANSACTION
control field 20170116180948.0
008 - FIXED-LENGTH DATA ELEMENTS--GENERAL INFORMATION
fixed length control field 150908b xxu||||| |||| 00| 0 eng d
020 ## - INTERNATIONAL STANDARD BOOK NUMBER
International Standard Book Number 0195116909
040 ## - CATALOGING SOURCE
Transcribing agency LIBRARY
082 ## - DEWEY DECIMAL CLASSIFICATION NUMBER
Classification number 621.381 SED
100 ## - MAIN ENTRY--PERSONAL NAME
9 (RLIN) 9016
Personal name Sedra, Adel S
245 ## - TITLE STATEMENT
Title Microelectronic circuits
Statement of responsibility, etc. Adel S Sedra
250 ## - EDITION STATEMENT
Edition statement 4th ed.
260 ## - PUBLICATION, DISTRIBUTION, ETC.
Date of publication, distribution, etc. c 1998
650 ## - SUBJECT ADDED ENTRY--TOPICAL TERM
9 (RLIN) 8908
Topical term or geographic name entry element Electronic circuits
General subdivision EL
942 ## - ADDED ENTRY ELEMENTS (KOHA)
Source of classification or shelving scheme
Koha item type Book
Holdings
Withdrawn status Lost status Source of classification or shelving scheme Damaged status Not for loan Permanent Location Current Location Shelving location Date acquired Total Checkouts Full call number Barcode Date last seen Date last checked out Price effective from Koha item type
          Pakistan Navy Engineering College (PNEC) Pakistan Navy Engineering College (PNEC)     4 621.381 SED PNECLIB-025930 04/05/2016 03/08/2016   Book
          Pakistan Navy Engineering College (PNEC) Pakistan Navy Engineering College (PNEC)     1 621.381 SED PNECLIB-025929 08/30/2016 08/30/2016   Book
© 2023 Central Library, National University of Sciences and Technology. All Rights Reserved.